000 00794nam a2200205Ii 4500
003 JO-AjNU
008 230605s9999||||xx |||||||||||||| ||und||
040 _aJO-AjNU
_bara
_erda
_cJO-AjNU
041 _aara
050 1 4 _aBP290.A92 1980
100 3 _aالاعظمي، وليد,
_eauthor
_917631
245 0 0 _aمدرسة الإمام أبي حنيفة تاريخها وتراجم شيوخها و مدرسيها
264 3 1 _aبغداد: وزارة الاوقاف والشؤون الدينية احياء التراث الاسلامي، 1980
300 _a228ص
336 _atext
_btxt
_2rdacontent
337 _aunmediated
_bn
_2rdamedia
338 _avolume
_bnc
_2rdacarrier
490 0 _aسلسلة الكتب الحديثة 38
650 4 _aالفقهاء الاحناف- تراجم
_917632
999 _aA5486
_c9054
_d9054